000 00699nam a2200241 a 4500
001 BRCA_4380
005 20190320204641.0
008 040809s1962----nyua######---#000-0#eng-#
041 _aeng
044 _anyu
050 4 _aHG1552.R6
_b.M67 2
_c1962
100 1 _aMorton, Frederic
_99256
245 1 0 _aThe Rothschilds
_bA Family Portrait
_cFrederic Morton.
260 _aNew York
_bAtheneum
_c1962
300 _axii, 305 p.
_bil., 1 hoja plegable
_c22 cm.
500 _aIncluye índice alfabético
500 _aEjemplar igual a B232. Ver también CEF85 (1963)
500 _aB310
504 _aBibliografía: p. [300]
600 1 4 _aRothschild, Familia
_99257
902 _aGFM
942 _2lcc
_cB
999 _c4091
_d4091